[Event "Clutch Chess International - Quarti"]
[Site "Internet"]
[Date "06.06.2020"]
[Round "Q01"]
[White "Carlsen, Magnus"]
[Black "Xiong, Jeffery"]
[Result "1-0"]
[WhiteTitle "GM"]
[BlackTitle "GM"]
[WhiteElo "2881"]
[BlackElo "2730"]
[EventDate "2020.06.06"]

1. c4 c5 2. Nc3 g6 3. e3 Nf6 4. d4 cxd4 5. exd4 d5 6. Qb3 Bg7 7. cxd5 O-O
8. Be2 Na6 9. Bf3 b5 10. Nge2 Rb8 11. Bf4 Rb6 12. Nxb5 g5 13. Bxg5 Nc7 14.
a4 a6 15. d6 exd6 16. O-O axb5 17. a5 Rb8 18. Ng3 Ne6 19. Be3 Nc7 20. Bg5
Ne6 21. Be3 Nc7 22. Rfc1 Be6 23. Qd1 Nfd5 24. a6 Ra8 25. a7 Qe7 26. Nh5
Nxe3 27. fxe3 Bh6 28. Bxa8 Bxe3+ 29. Kh1 Bxc1 30. Qxc1 Rxa8 31. Qc3 Nd5 32.
Qc6 Nc7 33. Qb7 Bg4 34. Qb8+ Qf8 35. Nf6+ Kg7 36. Qxf8+ Kxf8 37. Nxg4 Ke7
38. Ne3 Kd7 39. d5 Kc8 40. Nf5 Kd7 41. h4 Nxd5 42. Ra6 Nc7 43. Rxd6+ Ke8
44. Rh6 Rxa7 45. Rxh7 Ne6 46. h5 b4 47. h6 Ra5 48. g4 Ra1+ 49. Kh2 Ra2 50.
Rh8+ Kd7 51. Kg3 Rxb2 52. h7 Rb3+ 53. Kh4 Rb1 54. g5 b3 55. Ng3 Nf4 56. Kg4
Ng6 57. Rg8 b2 58. Rxg6+ Rh1 59. Rb6 1-0

[Event "Clutch Chess International - Quarti"]
[Site "Internet"]
[Date "06.06.2020"]
[Round "Q01"]
[White "So, Wesley"]
[Black "Vachier-Lagrave, Maxime"]
[Result "1/2-1/2"]
[WhiteTitle "GM"]
[WhiteElo "2741"]
[BlackElo "2860"]
[EventDate "2020.06.06"]

1. d4 d5 2. c4 c6 3. Nf3 Nf6 4. e3 Bf5 5. Nc3 e6 6. Nh4 Be4 7. f3 Bg6 8.
Bd2 Nbd7 9. Qb3 Rb8 10. Nxg6 hxg6 11. cxd5 exd5 12. e4 dxe4 13. fxe4 Be7
14. e5 Ng4 15. Bc4 O-O 16. Rf1 Bh4+ 17. g3 Bg5 18. Bxf7+ Kh8 19. O-O-O c5
20. Qe6 Nh6 21. Qxg6 Bxd2+ 22. Rxd2 cxd4 23. Rxd4 Qe7 24. Rh4 Qxh4 25. gxh4
Nxe5 26. Qg3 Nhxf7 27. Rf5 Rfe8 28. a3 Rbc8 29. Kb1 Rc4 30. Nd5 Rg4 31. Qb3
Rxh4 32. Qxb7 Nd6 33. Rxe5 Nxb7 34. Rxe8+ Kh7 35. Re7 Nd6 36. Rxa7 Rxh2 37.
Nf6+ Kg6 38. Ng4 Rd2 39. Kc1 Rd4 40. Ne3 Kf6 41. Kc2 g5 42. Rd7 Ke6 43. Rg7
Ke5 44. Nd1 Ne4 45. Nc3 Kf5 46. Nxe4 Rxe4 47. Kb3 g4 48. a4 Re3+ 49. Kb4
Re4+ 50. Ka3 Re5 51. b4 Re3+ 52. Kb2 Re4 53. Kc3 Re3+ 54. Kc4 Re4+ 55. Kb5
Re5+ 56. Ka6 Re6+ 57. Ka5 Rg6 58. Rf7+ Ke6 59. Rf1 g3 60. b5 g2 61. Rg1 Kd7
62. b6 Kc8 63. Ka6 Kb8 64. a5 Rg8 65. Kb5 Rg5+ 66. Kc6 Rg6+ 67. Kd5 Rg5+
68. Kd6 Kb7 69. Ke6 Rxa5 70. Rxg2 Kxb6 1/2-1/2

[Event "Clutch Chess International - Quarti"]
[Site "Internet"]
[Date "06.06.2020"]
[Round "Q02"]
[White "Xiong, Jeffery"]
[Black "Carlsen, Magnus"]
[Result "0-1"]
[WhiteTitle "GM"]
[BlackTitle "GM"]
[WhiteElo "2730"]
[BlackElo "2881"]
[EventDate "2020.06.06"]

1. d4 d5 2. c4 e6 3. Nc3 Bb4 4. Nf3 Ne7 5. Qc2 dxc4 6. e4 b5 7. a4 c6 8.
Bd2 O-O 9. Be2 Bb7 10. O-O a6 11. Rfd1 Nd7 12. Nxb5 Bxd2 13. Nd6 Bb4 14.
Nxb7 Qc7 15. Nc5 Nxc5 16. dxc5 c3 17. bxc3 Bxc5 18. g3 a5 19. Kg2 Ng6 20.
Rab1 Rfd8 21. Ne1 Rxd1 22. Rxd1 Ne5 23. Nd3 Nd7 24. Rb1 g6 25. Qa2 Be7 26.
Qc4 Nb6 27. Qb3 Rb8 28. Bf3 c5 29. Qc2 c4 30. Nb2 Qc6 31. Nd1 Nd7 32. e5
Qc5 33. Rxb8+ Nxb8 34. Ne3 Nd7 35. Qe4 Nxe5 36. Be2 f5 37. Qa8+ Kf7 38. Qa6
Qc6+ 39. Qxc6 Nxc6 40. Bxc4 Nd8 41. Kf1 Bf6 42. Nd1 Nb7 43. Bb3 Nc5 44. Bc2
e5 45. f3 Ke6 46. Ke2 e4 47. fxe4 fxe4 48. Nf2 Kd5 49. Ke3 Bg5+ 50. Ke2 Bh6
51. h4 Bc1 52. g4 Bf4 53. h5 Bg3 54. hxg6 hxg6 55. Nxe4 Nxe4 56. c4+ Kd4
57. Kf3 Nd2+ 58. Kxg3 g5 59. c5 Kxc5 60. Kf2 Kd4 61. Ke2 Ne4 62. Kf3 Nc5
63. Ke2 Kc3 64. Bd1 Kb4 65. Ke3 Nxa4 66. Kd4 Nc5 67. Bc2 Nb3+ 68. Ke5 a4
0-1

[Event "Clutch Chess International - Quarti"]
[Site "Internet"]
[Date "06.06.2020"]
[Round "Q02"]
[White "Vachier-Lagrave, Maxime"]
[Black "So, Wesley"]
[Result "1/2-1/2"]
[WhiteElo "2860"]
[BlackElo "2741"]
[EventDate "2020.06.06"]

1. d4 Nf6 2. c4 e6 3. Nc3 Bb4 4. Qc2 O-O 5. e4 d5 6. e5 Ne4 7. Nf3 c5 8.
Bd3 cxd4 9. Nxd4 Nd7 10. Bf4 Qh4 11. g3 Qh5 12. O-O g5 13. cxd5 Bxc3 14.
bxc3 exd5 15. Be3 Nxe5 16. f3 Nxd3 17. Qxd3 Nd6 18. g4 Qg6 19. Qxg6+ hxg6
20. Bxg5 f6 21. Bf4 Nc4 22. Nb5 Bd7 23. Nc7 Rac8 24. Nxd5 Rc5 25. Rad1 Be6
26. Nb4 g5 27. Rfe1 Bxg4 28. fxg4 gxf4 29. Nd3 Ra5 30. Nxf4 Rxa2 31. Ng6
Rf7 32. h4 Kg7 33. h5 Kh6 34. Rd4 b5 35. Re8 f5 36. Rh8+ Kg5 37. Rg8 Kh6
38. Rh8+ Kg5 39. Rg8 Kh6 40. g5+ Kxh5 41. Nf4+ Kg4 42. g6 Rb7 43. Rf8 Ne5
44. Nh5+ Kxh5 45. Rxf5+ Kxg6 46. Rxe5 a5 47. Rd6+ Kg7 48. Rg5+ Kf8 49. Rf6+
Ke7 50. Ra6 Kf7 51. Rag6 Ke8 52. Rg8+ Kd7 53. R8g7+ Kc8 54. Rxb7 Kxb7 55.
Rxb5+ Ka6 56. Rb8 a4 57. c4 a3 58. c5 Ka5 59. Ra8+ Kb4 60. Rb8+ Ka4 61.
Ra8+ Kb4 62. Rb8+ Kxc5 63. Rb3 Ra1+ 64. Kh2 Kc4 65. Rg3 Ra2+ 66. Kh1 Ra1+
67. Kh2 Kd4 68. Rg4+ Ke3 69. Rg3+ Kf4 70. Rb3 Ke4 71. Rg3 Kd4 72. Rg4+ Kc3
73. Rg3+ Kc4 1/2-1/2

[Event "Clutch Chess International - Quarti"]
[Site "Internet"]
[Date "06.06.2020"]
[Round "Q03"]
[White "Carlsen, Magnus"]
[Black "Xiong, Jeffery"]
[Result "1-0"]
[WhiteTitle "GM"]
[BlackTitle "GM"]
[WhiteElo "2881"]
[BlackElo "2730"]
[EventDate "2020.06.06"]

1. Nf3 c5 2. e4 d6 3. Bb5+ Bd7 4. Bxd7+ Nxd7 5. O-O Ngf6 6. Re1 Rc8 7. c3
e6 8. d4 cxd4 9. cxd4 d5 10. e5 Ne4 11. Nbd2 Nxd2 12. Qxd2 Be7 13. Qf4 O-O
14. Qg4 Re8 15. h4 Qc7 16. Bh6 g6 17. Qf4 Qc2 18. g4 b6 19. b3 Ba3 20. Kg2
Qb2 21. Ng5 Re7 22. Rad1 Rc2 23. Re3 Rc3 24. h5 Qc2 25. Rxc3 Qxc3 26. Nxh7
Kxh7 27. Bg5 Kg8 28. Bxe7 Bxe7 29. Rc1 Qb4 30. Rc8+ Nf8 31. h6 g5 32. h7+
Kg7 33. h8=Q+ Kxh8 34. Qxf7 Qxd4 35. Rxf8+ Bxf8 36. Qxf8+ Kh7 37. Qf7+ Kh8
38. Qh5+ Kg7 39. Qxg5+ Kh7 40. Qe7+ Kh8 41. Qf6+ Kh7 42. Qxe6 Qd1 43. Qf5+
Kg8 44. e6 1-0

[Event "Clutch Chess International - Quarti"]
[Site "Internet"]
[Date "06.06.2020"]
[Round "Q03"]
[White "So, Wesley"]
[Black "Vachier-Lagrave, Maxime"]
[Result "1/2-1/2"]
[WhiteElo "2741"]
[BlackElo "2860"]
[EventDate "2020.06.06"]

1. d4 d5 2. c4 c6 3. Nf3 Nf6 4. e3 Bf5 5. Nc3 e6 6. Nh4 Be4 7. f3 Bg6 8.
Bd2 Be7 9. Nxg6 hxg6 10. Qc2 dxc4 11. Bxc4 Nbd7 12. O-O-O b5 13. Be2 a6 14.
Kb1 c5 15. d5 Nxd5 16. Nxd5 exd5 17. Bc3 b4 18. Bxg7 Rh7 19. Rxd5 Rxg7 20.
Rhd1 Ra7 21. Qa4 Qc8 22. Bb5 axb5 23. Qxa7 Nf6 24. Re5 Nd7 25. Red5 Nf6 26.
Re5 Nd7 1/2-1/2

[Event "Clutch Chess International - Quarti"]
[Site "Internet"]
[Date "06.06.2020"]
[Round "Q04"]
[White "Xiong, Jeffery"]
[Black "Carlsen, Magnus"]
[Result "1/2-1/2"]
[WhiteElo "2730"]
[BlackElo "2881"]

1. e4 c5 2. Nf3 Nc6 3. c3 e5 4. d4 cxd4 5. cxd4 exd4 6. Nxd4 Nf6 7. Nc3 Bb4
8. Nxc6 bxc6 9. Bd3 O-O 10. O-O Re8 11. Bg5 h6 12. Bh4 Bxc3 13. bxc3 g5 14.
Bg3 Nxe4 15. Bxe4 Rxe4 16. f4 Ba6 17. Rf2 Qe7 18. fxg5 hxg5 19. Bd6 Qe6 20.
Qd2 Qg6 21. Bc5 Rae8 22. h3 d5 23. Bxa7 Re2 24. Qc1 Bd3 25. a4 R8e4 26. Bd4
Rxf2 27. Bxf2 g4 28. Qb2 gxh3 29. Qb8+ Kg7 30. Qh2 Qxg2+ 31. Qxg2+ hxg2 32.
a5 Ba6 33. Kxg2 Kg6 34. Bd4 Kf5 35. Kf3 Rh4 36. Rb1 Rh3+ 37. Kg2 Rd3 38.
Rb6 Bb5 39. a6 Rd2+ 40. Kf3 Ra2 41. Rb7 Bxa6 42. Rxf7+ Ke6 43. Rf6+ Kd7 44.
Rf7+ Ke8 45. Ra7 Be2+ 46. Kf4 Rxa7 47. Bxa7 Bb5 48. Ke5 Kd7 49. Bc5 Bc4 50.
Bd4 Bb5 51. Bc5 Bc4 52. Bd4 Bb5 53. Bc5 1/2-1/2

[Event "Clutch Chess International - Quarti"]
[Site "Internet"]
[Date "06.06.2020"]
[Round "Q04"]
[White "Vachier-Lagrave, Maxime"]
[Black "So, Wesley"]
[Result "0-1"]
[WhiteElo "2860"]
[BlackElo "2741"]
[EventDate "2020.06.06"]

1. d4 Nf6 2. c4 e6 3. Nc3 Bb4 4. Qc2 d5 5. cxd5 Qxd5 6. Nf3 Qf5 7. Qb3 Nc6
8. Bd2 O-O 9. h3 a5 10. g4 a4 11. Qxb4 Nxb4 12. gxf5 Nc2+ 13. Kd1 Nxa1 14.
e3 a3 15. bxa3 exf5 16. Kc1 Be6 17. Kb2 Ne4 18. Nxe4 fxe4 19. d5 Bxd5 20.
Nd4 c5 21. Nb5 Rfd8 22. Bc3 Bc6 23. Rg1 g6 24. Be2 Rd3 25. Bxd3 exd3 26.
Rxa1 Bxb5 27. Bd2 Ra4 28. f4 Rc4 29. Rc1 Rxc1 30. Bxc1 f5 31. Kc3 Kf7 32.
a4 Ba6 33. Ba3 c4 34. Bc5 Ke6 35. h4 Kd5 36. Bd4 Ke4 37. Kd2 Kf3 38. a5 Bb5
39. a3 Be8 40. Bf6 Bf7 41. Bd4 Kg3 42. Bf6 Kg4 43. Bg5 Bd5 44. Bf6 h6 45.
Bg7 g5 0-1

[Event "Clutch Chess International - Quarti"]
[Site "Internet"]
[Date "06.06.2020"]
[Round "Q05"]
[White "Carlsen, Magnus"]
[Black "Xiong, Jeffery"]
[Result "0-1"]
[WhiteElo "2881"]
[BlackElo "2730"]
[EventDate "2020.06.06"]

1. Nf3 c5 2. e4 e6 3. d4 cxd4 4. Nxd4 a6 5. c4 Nf6 6. Nc3 Qc7 7. a3 b6 8.
Be2 Bb7 9. f3 Be7 10. Be3 O-O 11. O-O d6 12. Rc1 Nbd7 13. b4 Rfc8 14. Kh1
Qd8 15. Nb3 Ne5 16. Na4 Nfd7 17. Qd4 b5 18. Na5 Nc6 19. Nxc6 Bxc6 20. cxb5
Bxb5 21. Rxc8 Rxc8 22. Qd1 Qc7 23. Bd4 Qc2 24. Bxb5 axb5 25. Nb6 Nxb6 26.
Bxb6 Qxd1 27. Rxd1 Rc3 28. Ra1 Bf6 29. Rd1 Rxa3 30. Kg1 Ra6 31. Bc7 Be5 32.
Rc1 Kf8 33. Ba5 d5 34. exd5 exd5 35. Kf1 Bxh2 36. Rc5 Re6 37. g4 d4 38.
Rxb5 d3 39. Rd5 Rd6 40. Rxd6 Bxd6 41. b5 g6 42. b6 Ke8 43. b7 Kd7 44. Bb4
Bb8 45. Kf2 h5 46. gxh5 gxh5 47. Be1 h4 48. Kg2 Kc6 49. Kh3 Kxb7 50. Kg4
Bg3 0-1

[Event "Clutch Chess International - Quarti"]
[Site "Internet"]
[Date "06.06.2020"]
[Round "Q05"]
[White "So, Wesley"]
[Black "Vachier-Lagrave, Maxime"]
[Result "1-0"]
[WhiteElo "2741"]
[BlackElo "2860"]
[EventDate "2020.06.06"]

1. d4 d5 2. c4 c6 3. Nf3 Nf6 4. Qb3 dxc4 5. Qxc4 Bf5
6. g3 e6 7. Bg2 Be7 8. O-O Nbd7 9. Qb3 Qb6 10. Nc3 a5 11. Qxb6 Nxb6 12. Ne5
Nbd5 13. f3 Nd7 14. Nxd7 Kxd7 15. e4 Nxc3 16. bxc3 Bg6 17. a4 b5 18. axb5 cxb5
19. f4 Rhc8 20. g4 f5 21. exf5 exf5 22. Bxa8 Rxa8 23. g5 Bf7 24. Ba3 Bxa3 25.
Rxa3 Bd5 26. Re1 Be4 27. Rea1 a4 28. c4 Kc6 29. d5+ Kc5 30. cxb5 Kxb5 31. d6
Rd8 32. Rxa4 Rxd6 33. Ra7 Rd2 34. R1a2 Rd1+ 35. Kf2 Rd3 36. Rxg7 Rf3+ 37. Ke2
Rxf4 38. Ke3 Rh4 39. Rc7 Kb6 40. Rc3 Bc6 41. Rb2+ Kc7 42. Rbc2 Re4+ 43. Kf3
Rc4+ 44. Kg3 1-0

[Event "Clutch Chess International - Quarti"]
[Site "Internet"]
[Date "06.06.2020"]
[Round "Q06"]
[White "Xiong, Jeffery"]
[Black "Carlsen, Magnus"]
[Result "1/2-1/2"]
[WhiteTitle "GM"]
[BlackTitle "GM"]
[WhiteElo "2730"]
[BlackElo "2881"]
[EventDate "2020.06.06"]

1. d4 d5 2. c4 e6 3. Nc3 c6 4. e4 dxe4 5. Nxe4 Bb4+ 6. Nc3 c5 7. a3 Ba5 8.
Be3 Nf6 9. Ne2 cxd4 10. Qxd4 Qxd4 11. Bxd4 Nc6 12. Bc5 Ne4 13. Be3 Nxc3 14.
Nxc3 Bxc3+ 15. bxc3 e5 16. Rb1 Kd8 17. f4 Re8 18. Kf2 Kc7 19. Bd3 h6 20.
Rb5 f6 21. Rhb1 Re7 22. Be4 Kd8 23. Rd5+ Kc7 24. fxe5 Nxe5 25. Bf4 Rb8 26.
Ke3 Bd7 27. Rc5+ Bc6 28. Bxc6 b6 29. Bxe5+ fxe5 30. Rd5 Kxc6 31. Rf1 Rc8
32. Rf5 Kb7 33. Rfxe5 Rxe5+ 34. Rxe5 Rxc4 35. Kd3 Rg4 36. g3 Kc6 37. c4 Rg5
38. Re7 a5 39. Kd4 Kd6 40. Rb7 Rg4+ 41. Kd3 Kc6 42. Re7 h5 43. Re6+ Kc7 44.
Re5 g6 45. Re6 Rg5 46. Kd4 Kb7 47. Rf6 h4 48. gxh4 Rg4+ 49. Kc3 Rxh4 50.
Rxg6 Rxh2 51. c5 Rh3+ 52. Kc4 bxc5 53. Kxc5 Rxa3 54. Kb5 a4 55. Rg7+ Kc8
56. Rg4 Kc7 57. Rxa4 Rxa4 58. Kxa4 1/2-1/2

[Event "Clutch Chess International - Quarti"]
[Site "Internet"]
[Date "06.06.2020"]
[Round "Q06"]
[White "Vachier-Lagrave, Maxime"]
[Black "So, Wesley"]
[Result "1/2-1/2"]
[BlackTitle "GM"]
[WhiteElo "2860"]
[BlackElo "2741"]
[EventDate "2020.06.06"]

1. c4 e5 2. Nc3 Nf6 3. Nf3 Nc6 4. d3 d5 5. cxd5 Nxd5 6. e4 Nxc3 7. bxc3 Bc5
8. Be2 O-O 9. O-O Bb6 10. a4 Re8 11. Kh1 Bg4 12. h3 Bh5 13. g4 Bg6 14. Nd2
f6 15. Nc4 Na5 16. Ne3 Bxe3 17. Bxe3 b6 18. f4 exf4 19. Rxf4 c5 20. c4 Nc6
21. Qg1 Qd7 22. h4 h6 23. Qg3 Nd4 24. Bxd4 Qxd4 25. Rg1 Re5 26. g5 fxg5 27.
hxg5 Rxg5 28. Rg4 Rxg4 29. Bxg4 Re8 30. Qh3 Re5 31. Be6+ Kh7 32. Bg8+ Kxg8
33. Rxg6 Kh7 34. Qg4 Re7 35. Qf5 Qe5 36. Qxe5 Rxe5 37. Rd6 Rg5 38. Kh2 h5
39. a5 bxa5 40. Ra6 g6 41. Rxa5 Kh6 42. Rxa7 h4 43. Kh3 Rg3+ 44. Kxh4 Rxd3
45. Rc7 Rd4 46. Rxc5 Rxe4+ 47. Kg3 g5 48. Rc8 Kh5 49. Rh8+ Kg6 50. c5 Rc4
51. Rc8 Kf5 52. Rf8+ Ke6 53. Rc8 Kd7 54. Rg8 Rxc5 55. Kg4 Kc6 56. Rxg5
Rxg5+ 57. Kxg5 1/2-1/2

[Event "Clutch Chess International - Quarti"]
[Site "Internet"]
[Date "07.06.2020"]
[Round "Q01"]
[White "Dominguez Perez, Leinier"]
[Black "Caruana, Fabiano"]
[Result "1-0"]
[WhiteTitle "GM"]
[BlackTitle "GM"]
[WhiteElo "2758"]
[BlackElo "2835"]
[WhiteFideId "3503240"]
[BlackFideId "2020009"]
[EventDate "2020.06.06"]

1. e4 c6 2. d4 d5 3. e5 Bf5 4. h4 h5 5. Bd3 Bxd3 6. Qxd3 e6 7. Nf3 Be7 8. c4
dxc4 9. Qxc4 Nd7 10. Qc2 c5 11. d5 exd5 12. e6 fxe6 13. Qg6+ Kf8 14. Qxe6 Bf6
15. O-O Ne7 16. Nc3 Rc8 17. Ng5 Bxg5 18. Bxg5 Rc6 19. Bxe7+ Qxe7 20. Qxd5 Nf6
21. Qf3 Kf7 22. Rfe1 Qd7 23. Ne4 Kg6 24. Ng5 Rd6 25. Qc3 Rc8 26. Re5 c4 27. Rae1
Rd3 28. Qb4 b6 29. Re7 Qd6 30. Qa4 a5 31. Qc2 Rc7 32. R7e6 Qf4 33. g3 Qf5 34.
Qe2 Rcd7 35. Rxb6 Rd8 36. Ne6 Rd2 37. Qe3 R8d6 38. Nf8+ Kf7 39. Rb7+ Kg8 40. Ne6
Kh8 41. Ng5 Kg8 42. Rb8+ Rd8 43. Qxd2 Rxb8 44. Qd6 Rf8 45. Qd4 Qc2 46. Re7 Qb1+
47. Kg2 Qf5 48. Ne6 Re8 49. Nxg7 1-0

[Event "Clutch Chess International - Quarti"]
[Site "Internet"]
[Date "07.06.2020"]
[Round "Q01"]
[White "Aronian, Levon"]
[Black "Grischuk, Alexander"]
[Result "0-1"]
[WhiteTitle "GM"]
[BlackTitle "GM"]
[WhiteElo "2773"]
[BlackElo "2777"]
[WhiteFideId "13300474"]
[BlackFideId "4126025"]
[EventDate "2020.06.06"]

1. d4 Nf6 2. c4 e6 3. Nf3 d5 4. Nc3 c5 5. cxd5 Nxd5 6. e4 Nxc3 7. bxc3 cxd4 8.
cxd4 Bb4+ 9. Bd2 Bxd2+ 10. Qxd2 O-O 11. Bc4 Nd7 12. O-O b6 13. Rad1 Bb7 14. Rfe1
Rc8 15. Bb3 Re8 16. h3 Nf6 17. Qf4 Qc7 18. Ne5 Re7 19. Qh4 Qd8 20. f3 h6 21. Qf2
Rec7 22. h4 Rc3 23. d5 exd5 24. exd5 Qd6 25. Qd4 R3c5 26. Nc4 Qg3 27. Ne3 Re8
28. Re2 Qe5 29. Kf2 Qxd4 30. Rxd4 Kf8 31. g4 g6 32. Red2 Nd7 33. Nc4 Ba8 34. Nd6
Rd8 35. Ne4 Ra5 36. g5 hxg5 37. hxg5 Kg7 38. Rc2 Nc5 39. Nf6 Nd7 40. Rc7 Nxf6
41. gxf6+ Kxf6 42. d6 Ke5 43. Rd3 Bd5 44. d7 Bxb3 45. Rc8 Rxd7 46. Rxd7 Rxa2+
47. Kg3 Be6 48. Re8 Kf6 49. Rb7 Ra3 50. Rd8 g5 51. Kf2 Ke5 52. Rc7 a5 53. Rc1 a4
54. Re1+ Kf6 55. Re4 b5 56. Rb4 Rb3 57. Rxb3 Bxb3 58. Ra8 Ke5 59. Ke3 f5 60.
Re8+ Be6 61. Rb8 f4+ 62. Kd3 Bc4+ 63. Kc3 a3 64. Re8+ Kf5 65. Rf8+ Kg6 66. Rh8
a2 67. Kb2 Kf5 68. Rf8+ Ke5 69. Rd8 Bd5 70. Rb8 Bxf3 71. Kxa2 Bd5+ 72. Kb2 Bc4
73. Kc3 Ke4 0-1

[Event "Clutch Chess International - Quarti"]
[Site "Internet"]
[Date "07.06.2020"]
[Round "Q02"]
[White "Caruana, Fabiano"]
[Black "Dominguez Perez, Leinier"]
[Result "1/2-1/2"]
[WhiteTitle "GM"]
[BlackTitle "GM"]
[WhiteElo "2835"]
[BlackElo "2758"]
[WhiteFideId "2020009"]
[BlackFideId "3503240"]
[EventDate "2020.06.06"]

1. d4 Nf6 2. c4 e6 3. Nc3 Bb4 4. Qc2 d5 5. e3 O-O 6. a3 Bxc3+ 7. bxc3 c5 8. Nf3
b6 9. cxd5 exd5 10. Ne5 Re8 11. Bd3 Ba6 12. Bxa6 Nxa6 13. O-O Nb8 14. Bb2 Nbd7
15. c4 cxd4 16. Nc6 Qc8 17. cxd5 Nxd5 18. Bxd4 Nc5 19. Nb4 Nxb4 20. axb4 Ne6 21.
Bc3 Qc4 22. Rfc1 Rec8 23. Qf5 Qb3 24. Qe5 Rc7 25. Be1 Rxc1 26. Rxc1 Rd8 27. h3
h6 28. Kh2 Qd5 29. Qxd5 Rxd5 30. g4 h5 31. Kg2 hxg4 32. hxg4 Rd7 33. f4 g6 34.
Rc8+ Rd8 35. Rc6 Rd3 36. Bc3 Kf8 37. f5 gxf5 38. gxf5 Nd8 39. Rc7 Rxe3 40. Bf6
Ke8 41. b5 Rd3 42. Re7+ Kf8 43. Rxa7 Rd5 44. Ra8 Ke8 45. Kg3 Rd6 46. Be5 Rd5 47.
Bc7 Rxf5 48. Bxd8 Rxb5 49. Kf4 Kd7 50. Bf6 Kc6 51. Ke4 Kb7 52. Rf8 Rc5 53. Bd4
Rc6 54. Kd5 Rc7 55. Be5 Rc5+ 56. Kd4 Rc1 57. Rxf7+ Ka6 58. Rf2 Rd1+ 59. Kc4 Rc1+
60. Kb4 Rb1+ 61. Bb2 Rh1 62. Rd2 Rg1 63. Rd6 Rb1 64. Ka3 Kb5 65. Bd4 Ka6 66. Ka4
Kb7 67. Rh6 Ka6 68. Bc3 Kb7 69. Rh8 Ka6 70. Rh7 Rg1 71. Kb3 Rg4 72. Rd7 Kb5 73.
Rd5+ Kc6 74. Rh5 Kb7 75. Kc2 Kc6 76. Kd3 Rg1 77. Bd4 Rd1+ 78. Kc3 Kb7 79. Rh7+
Ka6 80. Rh6 Rb1 81. Kc4 Rb5 82. Rh8 Rb1 83. Kd5 Kb7 84. Rh7+ Ka6 85. Be3 Rb3 86.
Re7 Rb2 87. Kd6 Rc2 88. Re4 Kb5 89. Kd7 Rc4 90. Re6 Rc2 91. Rxb6+ Kc4 92. Ke6
Re2 93. Kd7 Rxe3 94. Re6 Rxe6 95. Kxe6 1/2-1/2

[Event "Clutch Chess International - Quarti"]
[Site "Internet"]
[Date "07.06.2020"]
[Round "Q02"]
[White "Grischuk, Alexander"]
[Black "Aronian, Levon"]
[Result "1/2-1/2"]
[WhiteTitle "GM"]
[BlackTitle "GM"]
[WhiteElo "2777"]
[BlackElo "2773"]
[WhiteFideId "4126025"]
[BlackFideId "13300474"]
[EventDate "2020.06.06"]

1. d4 Nf6 2. c4 e6 3. Nc3 Bb4 4. e3 O-O 5. Bd3 d5 6. a3 Bxc3+ 7. bxc3 dxc4 8.
Bxc4 c5 9. Bd3 Qc7 10. Bb2 b6 11. Qe2 Bb7 12. Nf3 Be4 13. c4 Bxd3 14. Qxd3 Rd8
15. O-O cxd4 16. exd4 Nc6 17. d5 exd5 18. Bxf6 gxf6 19. cxd5 Ne7 20. Rac1 Qd6
21. Rc4 Rac8 22. Rg4+ Kh8 23. Rh4 Ng6 24. Rh5 Rc5 25. Rd1 Qf4 26. h3 Qc4 27. Qf5
Kg7 28. Rd4 Qc1+ 29. Kh2 Qc2 30. Rxh7+ Kxh7 31. Qxf6 Rf8 32. Ne5 Kg8 33. Rg4 Qc3
34. f4 Rxd5 35. Rxg6+ fxg6 36. Qxg6+ Kh8 37. Qh6+ Kg8 38. Qe6+ Kg7 39. Qxd5 Rxf4
40. Qd6 Rf8 41. Qe7+ Kg8 42. Qg5+ Kh7 43. Qe7+ Kg8 44. Qg5+ Kh7 45. Qh5+ Kg7 46.
Qg6+ Kh8 47. Qh6+ Kg8 48. Qg6+ Kh8 49. Nf7+ Rxf7 50. Qxf7 Qxa3 51. h4 Qd6+ 52.
Kh3 a5 53. h5 Qe5 54. g4 a4 55. Kh4 Qh2+ 56. Kg5 Qe5+ 57. Kh4 Qh2+ 58. Kg5 Qe5+
59. Kh4 1/2-1/2

[Event "Clutch Chess International - Quarti"]
[Site "Internet"]
[Date "07.06.2020"]
[Round "Q03"]
[White "Dominguez Perez, Leinier"]
[Black "Caruana, Fabiano"]
[Result "0-1"]
[WhiteTitle "GM"]
[BlackTitle "GM"]
[WhiteElo "2758"]
[BlackElo "2835"]
[WhiteFideId "3503240"]
[BlackFideId "2020009"]
[EventDate "2020.06.06"]

1. e4 e5 2. Nf3 Nc6 3. Bb5 Nf6 4. O-O Nxe4 5. Re1 Nd6 6. Nxe5 Be7 7. Bd3 Nxe5 8.
Rxe5 O-O 9. Nc3 g6 10. Nd5 Bh4 11. b3 c6 12. Ba3 cxd5 13. Bxd6 Bxf2+ 14. Kh1 Bd4
15. Rxd5 Bxa1 16. Bxf8 Bf6 17. Bd6 b6 18. Qg4 Qe8 19. Bg3 Bb7 20. Rf5 Qe6 21.
Rf4 Be5 22. Qxe6 fxe6 23. Rg4 Bxg3 24. Rxg3 Kf7 25. Kg1 e5 26. Rh3 h5 27. Rg3
Rg8 28. h4 Kf6 29. Kf2 Bd5 30. c3 Be6 31. Be2 a5 32. Ke3 Rc8 33. Rf3+ Bf5 34.
Rf1 d5 35. g3 Ke6 36. Ba6 Rc7 37. Bb5 Rg7 38. Be2 Rd7 39. d4 Rc7 40. c4 Kd6 41.
Rd1 Re7 42. dxe5+ Rxe5+ 43. Kf2 Rxe2+ 44. Kxe2 Bg4+ 45. Kd2 Bxd1 0-1

[Event "Clutch Chess International - Quarti"]
[Site "Internet"]
[Date "07.06.2020"]
[Round "Q03"]
[White "Aronian, Levon"]
[Black "Grischuk, Alexander"]
[Result "1-0"]
[WhiteTitle "GM"]
[BlackTitle "GM"]
[WhiteElo "2773"]
[BlackElo "2777"]
[WhiteFideId "13300474"]
[BlackFideId "4126025"]
[EventDate "2020.06.06"]

1. d4 Nf6 2. c4 e6 3. Nf3 d5 4. Nc3 c6 5. e3 Nbd7 6. Qc2 Bd6 7. Bd3 O-O 8. O-O
dxc4 9. Bxc4 c5 10. Rd1 a6 11. a4 cxd4 12. exd4 Nb6 13. Bb3 Bd7 14. Bg5 Rc8 15.
Qd3 Bc6 16. Bc2 g6 17. Ne5 Be7 18. Bh6 Re8 19. Qh3 Nbd5 20. Re1 Bf8 21. Bb3 Nh5
22. Bxd5 Bxd5 23. Bxf8 Rxf8 24. Rad1 Rc7 25. Re3 Re8 26. Ng4 Kg7 27. Re5 f6 28.
Rxh5 gxh5 29. Qxh5 Rf8 30. Nxd5 exd5 31. Ne3 Kh8 32. Nxd5 Rg7 33. Nf4 Qd6 34.
Qf3 Re8 35. g3 Rge7 36. Kg2 Re4 37. d5 f5 38. Ne6 Re5 39. Qc3 Kg8 40. Rd3 Re7
41. Qc8+ Kf7 42. Qf8+ Kg6 43. Nf4+ 1-0

[Event "Clutch Chess International - Quarti"]
[Site "Internet"]
[Date "07.06.2020"]
[Round "Q04"]
[White "Caruana, Fabiano"]
[Black "Dominguez Perez, Leinier"]
[Result "1-0"]
[WhiteTitle "GM"]
[BlackTitle "GM"]
[WhiteElo "2835"]
[BlackElo "2758"]
[WhiteFideId "2020009"]
[BlackFideId "3503240"]
[EventDate "2020.06.06"]

1. d4 Nf6 2. c4 e6 3. Nc3 Bb4 4. Nf3 d5 5. e3 O-O 6. a3 Bxc3+ 7. bxc3 c5 8. a4
Qa5 9. Bd2 Ne4 10. Bd3 Nc6 11. Qc2 cxd4 12. exd4 Nxd2 13. Nxd2 h6 14. O-O Qc7
15. Rfe1 Na5 16. cxd5 exd5 17. Re3 Be6 18. Rae1 Rac8 19. h3 Kh8 20. Bf5 Bxf5 21.
Qxf5 Qc6 22. Nf3 Nc4 23. Re7 Kg8 24. a5 Rcd8 25. Rb1 Nxa5 26. Ne5 Qf6 27. Qxf6
gxf6 28. Ng4 Kg7 29. Ra1 b6 30. Ne3 Nc6 31. Rc7 Rc8 32. Rxc8 Rxc8 33. Nxd5 Na5
34. Kf1 Rd8 35. Ne3 Rc8 36. Ra3 Nc4 37. Nf5+ Kh7 38. Rxa7 Re8 39. Rxf7+ Kg6 40.
Re7 Rxe7 41. Nxe7+ Kf7 42. Nf5 h5 43. Ke2 1-0